| 000 | 00754nam a22002417a 4500 | ||
|---|---|---|---|
| 999 |
_c9496 _d9496 |
||
| 003 | AR-CdUCM | ||
| 008 | 190328b ||||| |||| 00| 0 spa d | ||
| 040 |
_aMUNICIPALIDAD PROVINCIAL DEL CUSCO _cBIBLIOTECA MUNICIPAL DEL CUSCO |
||
| 041 | _hfr. | ||
| 082 |
_a335.41 / _bP72 / 1940 |
||
| 100 |
_aPlejanov, Jorge _92201 |
||
| 245 | _aEl materialismo militante/ | ||
| 260 |
_aSantiago de Chile : _bErcilla, _c1940. |
||
| 300 |
_a153 paginas ; _c18 cm. |
||
| 440 |
_aColección Documentos Sociales _925730 |
||
| 505 | _aContenido :Teoría marxista materialista / | ||
| 650 |
_aConocimiento _95704 |
||
| 650 |
_aMaterialismo dialéctico _96846 |
||
| 650 |
_aMaterialismo _95459 |
||
| 700 |
_aL.A.Sanchez _925731 |
||
| 942 |
_2ddc _cLIBROS |
||
| 945 | _arjall | ||